The Campaign for President : 1980 in retrospect /

Bibliographic Details
Corporate Authors: John Fitzgerald Kennedy School of Government. Institute of Politics, Conference on 1980 Presidential Campaign Decisionmaking
Other Authors: Moore, Jonathan
Format: Conference Proceeding Book
Language:English
Published: Cambridge, Mass. : Ballinger Pub. Co., [1981]
Subjects:

MARC

Tag First Indicator Second Indicator Subfields
LEADER 00000pam a2200000 a 4500
001 in00000073937
005 20151008060101.0
008 810612s1981 mau 10100 eng
010 |a  81010801  
020 |a 0884108368 
035 |a (OCoLC)07573982 
035 |9 AAJ5092AM 
039 0 |a 2  |b 3  |c 3  |d 3  |e 3 
040 |a DLC  |c DLC  |d TXA  |d UtOrBLW 
043 |a n-us--- 
049 |a TXAM  |c [932857] 
050 0 0 |a E875  |b .C35 
082 0 |a 324.973/0926  |2 19 
245 0 4 |a The Campaign for President :  |b 1980 in retrospect /  |c edited by Jonathan Moore. 
264 1 |a Cambridge, Mass. :  |b Ballinger Pub. Co.,  |c [1981] 
264 4 |c ©1981 
300 |a xxiii, 304 pages ;  |c 24 cm. 
336 |a text  |b txt  |2 rdacontent 
337 |a unmediated  |b n  |2 rdamedia 
338 |a volume  |b nc  |2 rdacarrier 
500 |a Proceedings of the Conference on 1980 Presidential Campaign Decisionmaking held in Cambridge, Mass., Dec. 5-7, 1980. 
500 |a "A project of the Institute of Politics, John F. Kennedy School of Government, Harvard University." 
500 |a Includes index. 
650 0 |a Presidents  |z United States  |x Election  |y 1980  |x Congresses. 
651 0 |a United States  |x Politics and government  |y 1977-1981  |x Congresses. 
700 1 |a Moore, Jonathan. 
710 2 |a John Fitzgerald Kennedy School of Government.  |b Institute of Politics. 
711 2 |a Conference on 1980 Presidential Campaign Decisionmaking  |d (1980 :  |c Cambridge, Mass.) 
999 |a MARS 
999 f f |s a4624c78-7955-3cd0-b118-c9f702e94900  |i fa4985c2-1f11-3ad3-b3cb-8767e7061695  |t 0 
952 f f |p ric  |a Texas A&M University  |b Rellis Campus  |c Joint Library Facility  |d Remote Storage  |t 0  |e E875 .C35  |h Library of Congress classification  |i unmediated -- volume  |m A14806108730 
998 f f |a E875 .C35  |t 0  |l Remote Storage